Responses for Show #6585 - Friday, April 12, 2013

Contestants

[<< previous game]

Matt Eichenbaum, an orthopedic surgeon from Kennett Square, Pennsylvania

Mona Miller, a lawyer and writer from Los Angeles, California

Adam Holquist, an environmental engineer from Erie, Pennsylvania (whose 3-day cash winnings total $76,299)

[next game >>]

Jeopardy! Round responses

ENTERTAINING FOOD & DRINK
GO "APE"
HISTORICAL GEOGRAPHIC AKAs
BLANKING ON THE BIBLE
THE RICH MAN'S...
THE POOR MAN'S
    $200 1
Lucy

Matt
    $200 3
the grape

Adam
    $200 7
Budapest

Matt
    $200 12
Cognac

Mona
    $200 17
the Taj Mahal

Matt
    $400 2
Bridesmaids

Mona
    $400 22
an escape

Adam
    $400 8
India

Adam
    $400 29
[The end-of-round signal sounds.]

Galilee

Adam
    $400 13
the Los Angeles Dodgers

Matt
    $400 18
cod

Mona
    $600 4
Jack Nicholson

Mona
    $600 23
gape

Matt
    $600 9
Hawaiian Islands

Matt
    $600 28
(Adam: Who is Noah?)

Moses

AdamMona
    $600 14
political action committee

Matt
    $600 19
(John) Mellencamp

Adam
    $800 5
Fried Green Tomatoes

Adam
    $800 24
drapery

Mona
    $1,000 10
Turkey

Matt
    $800 27
trumpets

Mona
    $800 15
Walton

Matt
    $800 20
copyright protection

Matt
    $1000 6
(James) Cagney

Adam
    $1000 25
(Alex: With less than a minute to go.)

scrape

Adam
    $1000 11
Byelorussia

Matt
    $1000 26
(Matt: Who is Job?)

Cain

Matt
Triple Stumper
    $1000 16
(Adam: What is a Pontiac?)

Ford

AdamMatt
    $1000 21
(Mona: What is... hmmm.)

chemical and biological weapons

Mona
Triple Stumper

Scores at the first commercial break (after clue 15):

Adam Mona Matt
$2,400 $1,200 $4,800

Scores at the end of the Jeopardy! Round:

Adam Mona Matt
$3,200 $2,800 $6,400

Double Jeopardy! Round responses

AUTHORESS! AUTHORESS!
MUSICIAN MOVIE SUBJECTS
HISTORICAL BLINDNESS
THE WAR OF 1812
"G" PLUS 3
(Alex: 4-letter responses with each one beginning with the letter "G".)
HANOI
(Jimmy: [*], the capital of Vietnam, a fascinating blend of East & West and a rising star in southeast Asia.)
    $400 1
Louisa May Alcott

Mona
    $400 3
Madonna

Mona
    $400 8
Braille

Mona
    $400 15
The Battle Of New Orleans

Matt
    $400 19
gore (or gory)

Mona
    $400 14
(Mona: What is Premier?)

President

Mona
Triple Stumper
    $800 2
Dorothy Parker

Adam
    $800 4
Katy Perry

Triple Stumper
    $2,000 9
Germany

Mona
    $800 16
(Matt: What is Ottawa?)
(Adam: What is Montreal?)
...
(Alex: Yes, thanks to Matt and Adam for narrowing it down.)

Toronto

AdamMonaMatt
    $800 20
gait

Matt
    $1200 5
(Mona: Who is Alice Walker?)
...
(Alex: [*], author of To Kill A Mockingbird.)

Harper Lee

Mona
Triple Stumper
    $1200 11
Michael Jackson

Matt
    $1200 10
Milton

Adam
    $1200 22
(Oliver Hazard) Perry

Adam
    $1200 21
gelt

Adam
    $1600 6
Judy Blume

Matt
    $1600 12
(Alex: And there are 3 young boys in the audience who know the correct response to that, because they were talking about [*] just a little while ago in the break.)

Justin Bieber

Triple Stumper
    $1600 17
cataracts

Matt
    $3,000 23
(Adam: Who is Jay?)
...
(Alex: Less than a minute to go now, Adam.)

Francis Scott Key

Adam
    $1600 25
garb

Adam
    $2000 7
Patricia Cornwell

Triple Stumper
    $2000 13
The Who

Matt
    $2000 18
(James) Thurber

Mona
    $2000 24
(Adam: What is Versailles?)
...
(Alex: Versailles was World War I. [*] had to do with the War of 1812.)

the Treaty of Ghent

Adam
Triple Stumper
    $2000 26
(Alex: And that would be to [*] them.)

goad

Triple Stumper
    $2000 27
[The end-of-round signal sounds.]

Kublai Khan

Triple Stumper

Scores at the end of the Double Jeopardy! Round:

Adam Mona Matt
$3,400 $7,600 $13,200

[wagering suggestions for these scores]

Final Jeopardy! Round responses

PHYSICISTS
(Alex: [Revealing Adam's response] He was the last one to win it all by himself.)
AdamWhat is the Nobel Prize?
$3,395
MonaWhat is the Nobel Prizefor physics?
$5,600
MattWhat is the Nobel Prize?
$12,297
the Nobel Prize

Final scores:

Adam Mona Matt
$6,795 $13,200 $25,497
3rd place: $1,000 2nd place: $2,000 New champion: $25,497

Game dynamics:

Coryat scores:

Adam Mona Matt
$6,400 $6,400 $13,000
13 R,
5 W
(including 1 DD)
14 R
(including 1 DD),
3 W
18 R
(including 1 DD),
2 W

Combined Coryat: $25,800

[game clues] [game scores] [suggest correction]

Game tape date: 2012-11-28
The J! Archive is created by fans, for fans. Scraping, republication, monetization, and malicious use prohibited; this site may use cookies and collect identifying information. See terms. The Jeopardy! game show and all elements thereof, including but not limited to copyright and trademark thereto, are the property of Jeopardy Productions, Inc. and are protected under law. This website is not affiliated with, sponsored by, or operated by Jeopardy Productions, Inc. Join the discussion at JBoard.tv.